| 000 | 00748cam a2200241 a 4500 | ||
|---|---|---|---|
| 005 | 20260322212046.0 | ||
| 008 | data | ||
| 010 | _a 81068381 | ||
| 020 |
_a0670304549 : _c{dollar}25.00 |
||
| 020 |
_a9780670304547 : _c{dollar}25.00 |
||
| 040 |
_aDLC _cDLC _dDLC |
||
| 050 | 0 | 0 |
_aE807 _b.A783 1982b |
| 082 | 0 | 0 |
_aB _aB _219 |
| 092 | _a973.917 A783 1982b | ||
| 100 | 1 |
_aAlsop, Joseph, _d1910-1989. |
|
| 245 | 1 | 0 |
_aFDR, 1882-1945 : _ba centenary remembrance / _cJoseph Alsop & Roland Gelatt. |
| 260 |
_aNew York : _bViking Press, _c1982. |
||
| 300 |
_a255 p. : _bill. ; _c29 cm. |
||
| 600 | 1 | 0 |
_aRoosevelt, Franklin D. _q(Franklin Delano), _d1882-1945. |
| 650 | 0 |
_aPresidents _zUnited States _xBiography. |
|
| 700 | 1 |
_aGelatt, Roland, _d1920- |
|
| 001 | data | ||
| 999 |
_c1090 _d1090 |
||